Study of leadership behaviour and its correlates in the secondary schools of Panchmahal district (Record no. 21267)

MARC details
000 -LEADER
fixed length control field 00480nam a2200145Ia 4500
082 ## - DEWEY DECIMAL CLASSIFICATION NUMBER
Classification number TD.0038
100 ## - MAIN ENTRY--AUTHOR NAME
Personal name Darji, Dahyabhai R.
245 #0 - TITLE STATEMENT
Title Study of leadership behaviour and its correlates in the secondary schools of Panchmahal district
260 ## - PUBLICATION, DISTRIBUTION, ETC. (IMPRINT)
Year of publication 1975
Name of publisher M.S. University of Baroda
300 ## - PHYSICAL DESCRIPTION
Number of Pages 408p. + C D - 69
650 ## - SUBJECT ADDED ENTRY--TOPICAL TERM
Topical Term LEADERSHIP IN EDUCATION
650 ## - SUBJECT ADDED ENTRY--TOPICAL TERM
Topical Term HIGH SCHOOL PRINCIPALS - GUJARAT - PANCHMAHAL DISTRICT
710 ## - ADDED ENTRY--CORPORATE NAME
Corporate name or jurisdiction name as entry element Desai, Dolatbhai B.
942 ## - ADDED ENTRY ELEMENTS (KOHA)
Koha item type Thesis
Source of classification or shelving scheme Dewey Decimal Classification
Holdings
Withdrawn status Lost status Damaged status Not for loan Home library Current library Date acquired Full call number Accession Number Price effective from Koha item type
        NASSDOC Library NASSDOC Library 08/10/2004 TD.0038 10676 18/04/2019 Thesis